Azaline se tait (Record no. 14057)

MARC details
010 ## - Numéro international normalisé du livre (ISBN)
ISBN 9782807104617
099 ## - Visibilité opac
notice masquée en opac Non
100 ## - Données générales de traitement
Données générales de traitement 20260326d u||y0frey50 ba
200 ## - Titre et mention de responsabilité
Titre propre Azaline se tait
Indication générale du type de document Livre
214 ## - Mentions de production, publication, diffusion et manufacture
Nom de l’éditeur Lansman
323 ## - Nombre de personnages
Texte de la note 15 personnages
330 ## - Résumé ou extrait
Texte de la note Dans la cour de l'école, il y a le loup, la princesse, les trois petits cochons... autant de références aux contes traditionnels qui pourraient faire croire à d'innocents jeux d'enfants. Mais les contes, souvent cruels et violents, recoupent parfois les bleus au cœur et les blessures de la vie. C'est le cas pour Azaline qui porte un lourd et douloureux secret : son père, tous les soirs, ouvre la porte de sa chambre. Et ce n'est pas pour lui raconter des histoires... Quelqu'un va-t-il enfin comprendre ce que cache le comportement d'Azaline quand elle est à l'école ?
610 ## - Mot-clé
Mot-clé Inceste
700 ## - Auteur principal
Nom Martin
Prénom Lise
000 -Etiquette de la notice
Leader 00939nam a2200169 4500
005 - Identifiant de la version
Identifiant 20260326152814.0
Holdings
Exclu du prêt Date de création Site actuel Code barre Date prix de remplacement Cote Statut Site de rattachement Type de document Koha
  26.03.2026 Théâtre Joliette JOL-007757 26.03.2026 TH JP MAR 15   Théâtre Joliette Livre